| 000 | 00705cab a2200253 4500 | ||
|---|---|---|---|
| 001 | ABS42656 | ||
| 008 | 090401t1990 xxu||||| |||| 00| 0 eng d | ||
| 035 | _a(Sirsi) u38142 | ||
| 041 | _aeng | ||
| 100 | _aPalmer, C. | ||
| 245 | _aBig firms go for bulk | ||
| 260 | _c1990 | ||
| 350 | _a0 | ||
| 490 |
_aEstates Times _v(1047) 18 May 1990, 12(1) |
||
| 520 | _aReports on the growing popularity of using building volume rather than area for calculating warehousing rents . | ||
| 650 | _aDISTRIBUTION CENTRES | ||
| 650 | _aMARKET | ||
| 650 | _aRACKING | ||
| 650 | _aVOLUME BUILDINGS | ||
| 650 | _aVOLUME RENTS | ||
| 690 | _aPROPERTY-COMMERCIAL PROPERTY | ||
| 942 | _n0 | ||
| 948 | _c04/03/1997 | ||
| 999 |
_c24508 _d24508 |
||